Normal view
MARC view
- Leonard Susskind and Art Friedman
Entry Personal Name
001 - CONTROL NUMBER
- control field: 10467
003 - CONTROL NUMBER IDENTIFIER
- control field: NUST
005 - DATE AND TIME OF LATEST TRANSACTION
- control field: 20180523052717.0
008 - FIXED-LENGTH DATA ELEMENTS
- fixed length control field: 180523|| aca||aabn | a|a d
040 ## - CATALOGING SOURCE
- Original cataloging agency: NUST
- Transcribing agency: NUST
100 ## - HEADING--PERSONAL NAME
- Personal name: Leonard Susskind and Art Friedman
670 ## - SOURCE DATA FOUND
- Source citation: Work cat.: (NUST): Leonard Susskind and Art Friedman , Quantum Mechanics , 2014
